| 000 | 00795nam a22002297a 4500 | ||
|---|---|---|---|
| 003 | 0 | ||
| 005 | 20250926130445.0 | ||
| 008 | 250926b xxu||||| |||| 00| 0 eng d | ||
| 020 | _a978-1-03-258937-4 | ||
| 050 |
_aHG 4026 _b.C67 2025 |
||
| 100 |
_aCornwall, Jeffrey R., _eauthor. |
||
| 245 |
_aEntrepreneurial financial management : _ban applied approach / _cJeffrey R. Cornwall, David O. Vang, and Jean M. Hartman. |
||
| 250 | _aSixth edition. | ||
| 260 |
_aNew York, NY : _bRoutledge, _c2025. |
||
| 300 |
_axx, 325 pages : _billustrations ; _c26 cm. |
||
| 504 | _aIncludes bibliographical references and index. | ||
| 650 |
_aBusiness enterprises _xFinance. |
||
| 650 | _aEntrepreneurship. | ||
| 700 |
_aVang, David O., _eauthor. |
||
| 700 |
_aHartman, Jean M., _eauthor. |
||
| 942 |
_2lcc _cBK |
||
| 999 |
_c368106 _d368106 |
||